<?xml version="1.0" encoding="UTF-8"?>
<collection xmlns="http://www.loc.gov/MARC21/slim">
 <record>
  <leader>01700nam a2200265 a 4500</leader>
  <controlfield tag="001">TVCDKTCT8238</controlfield>
  <controlfield tag="003">Thư viện trường Cao đẳng Kỹ thuật Cao Thắng</controlfield>
  <controlfield tag="005">20070905000000</controlfield>
  <controlfield tag="008">070905</controlfield>
  <datafield tag="980" ind1="\" ind2="\">
   <subfield code="a">Thư viện Trường CĐ Kỹ Thuật Cao Thắng</subfield>
  </datafield>
  <datafield tag="024" ind1=" " ind2=" ">
   <subfield code="a">RG_1 #1 eb0 i1</subfield>
  </datafield>
  <datafield tag="020" ind1="#" ind2="#">
   <subfield code="a">0072844329</subfield>
  </datafield>
  <datafield tag="041" ind1="0" ind2="#">
   <subfield code="a">vie</subfield>
  </datafield>
  <datafield tag="082" ind1="#" ind2="#">
   <subfield code="a">613.2 / </subfield>
   <subfield code="b">D100I-f</subfield>
  </datafield>
  <datafield tag="100" ind1="1" ind2="#">
   <subfield code="a">Pahey Thomas D.</subfield>
  </datafield>
  <datafield tag="245" ind1="0" ind2="0">
   <subfield code="a">Daily Fitness and Nutrition Journal /</subfield>
   <subfield code="c">Pahey Thomas D.</subfield>
  </datafield>
  <datafield tag="250" ind1="#" ind2="#">
   <subfield code="a">In lần thứ 1</subfield>
  </datafield>
  <datafield tag="260" ind1="#" ind2="#">
   <subfield code="a">American :</subfield>
   <subfield code="b">McGraw Hill ,</subfield>
   <subfield code="c">2005</subfield>
  </datafield>
  <datafield tag="300" ind1="#" ind2="#">
   <subfield code="a">108tr. ;</subfield>
   <subfield code="c">21cm</subfield>
  </datafield>
  <datafield tag="520" ind1="#" ind2="#">
   <subfield code="a">About the Author</subfield>
  </datafield>
  <datafield tag="520" ind1="#" ind2="#">
   <subfield code="a">McGraw-Hill authors represent the leading experts in their fields and are dedicated to improving the lives, careers, and interests of readers worldwide Paul Insel, PhD is Clinical Associate Professor of Psychiatry and Behavioral Sciences at the Stanford University School of Medicine. He has been the principal investigator of numerous NIH studies involving health education, mental health, blood pressure, cardiovascular disease and nutrition. He has authored 14 books and more than 100 articles. Walton T. Roth, M.D., is Professor of Psychiatry and Behavioral Sciences at the Stanford University School of Medicine, and Chief of the Psychiatric Consultation Service at the VA Palo Alto Health Care System. He is author of over 150 research articles about how the body reacts to stress and psychological disorders. His clinical specialties are the treatment of anxiety disorders and psychiatric consultation in the general hospital.</subfield>
  </datafield>
  <datafield tag="650" ind1="#" ind2="4">
   <subfield code="a">Y học</subfield>
  </datafield>
  <datafield tag="650" ind1="#" ind2="4">
   <subfield code="a">Y học--Sức khỏe</subfield>
  </datafield>
  <datafield tag="650" ind1="#" ind2="4">
   <subfield code="a">Nutrition Journal</subfield>
  </datafield>
  <datafield tag="650" ind1="#" ind2="4">
   <subfield code="a">Daily Fitness</subfield>
  </datafield>
 </record>
</collection>
